000 00221 a2200109 4500
020 _a9789992230367
041 _aspa
100 _aalvarado rodriguez, victor
245 _aestudios sociales 5
942 _cBK
952 _71
999 _c18221
_d18221